Loading...
The movie book
| Format: | Printed Book |
|---|---|
| Language: | English |
| Published: |
London :
Penguin Books,
2015.
|
| Subjects: |
| LEADER | 00528nam a22001575i 4500 | ||
|---|---|---|---|
| 005 | 20160528161934.0 | ||
| 008 | 160528b xxu||||| |||| 00| 0 eng d | ||
| 020 | |a 9780241188026 | ||
| 082 | |a 791.4309 |b COL | ||
| 245 | 0 | 4 | |a The movie book |
| 260 | |a London : |b Penguin Books, |c 2015. | ||
| 300 | |a 352p. | ||
| 650 | |a Film | ||
| 942 | |2 ddc |c BK | ||
| 999 | |c 15073 |d 15073 | ||
| 952 | |0 0 |1 0 |2 ddc |4 0 |6 791_430900000000000_COL |7 0 |9 21339 |a MAIN |b MAIN |d 2016-05-28 |e Mathrubhumi Books |g 999.00 |l 4 |m 1 |o 791.4309 COL |p 21310 |r 2018-11-14 |s 2018-10-27 |t 1 |w 2016-05-28 |y BK | ||